| 000 -LEADER |
| fixed length control field |
02654cam a2200445 a 4500 |
| 001 - CONTROL NUMBER |
| control field |
.b53573882 |
| 003 - CONTROL NUMBER IDENTIFIER |
| control field |
OCoLC |
| 005 - DATE AND TIME OF LATEST TRANSACTION |
| control field |
20191227150701.0 |
| 008 - FIXED-LENGTH DATA ELEMENTS--GENERAL INFORMATION |
| fixed length control field |
150417s2015 paua 000 1 eng d |
| 020 ## - INTERNATIONAL STANDARD BOOK NUMBER |
| International Standard Book Number |
9781594749315 |
| 040 ## - CATALOGING SOURCE |
| Original cataloging agency |
DLC |
| Language of cataloging |
eng |
| Transcribing agency |
DLC |
| Modifying agency |
VTL |
| -- |
SRC |
| -- |
YDXCP |
| -- |
GZE |
| -- |
OCLCF |
| -- |
AUOAC |
| -- |
BTCTA |
| -- |
ATMAZ |
| -- |
ATSHR |
| -- |
NZBAL |
| -- |
AUMCS |
| -- |
ZHB |
| -- |
OCLCO |
| -- |
OCL |
| -- |
OCLCO |
| -- |
BPLCP |
| -- |
OCLCO |
| -- |
HLNDP |
| -- |
OCLCQ |
| -- |
OCLCO |
| -- |
TXRHO |
| -- |
OCLCO |
| -- |
CWPCP |
| -- |
OCLCO |
| -- |
I8M |
| -- |
OCL |
| -- |
MTB |
| -- |
CHILD |
| -- |
OCLCQ |
| -- |
OCLCO |
| -- |
MZ3 |
| -- |
NTNU |
| 042 ## - AUTHENTICATION CODE |
| Authentication code |
nbic |
| 082 ## - DEWEY DECIMAL CLASSIFICATION NUMBER |
| Classification number |
FIC RIG |
| 100 1# - MAIN ENTRY--PERSONAL NAME |
| Personal name |
Riggs, Ransom. |
| Relator term |
author |
| 245 10 - TITLE STATEMENT |
| Title |
Library of souls / |
| Statement of responsibility, etc. |
by Ransom Riggs. |
| 250 ## - EDITION STATEMENT |
| Edition statement |
1st pbk ed. |
| 260 #1 - PUBLICATION, DISTRIBUTION, ETC. |
| Place of publication, distribution, etc. |
Philadelphia : |
| Name of publisher, distributor, etc. |
Quirk Books, |
| Date of publication, distribution, etc. |
2017 |
| 300 ## - PHYSICAL DESCRIPTION |
| Extent |
458 p. : |
| Other physical details |
ill. ; |
| Dimensions |
21 cm. |
| 336 ## - CONTENT TYPE |
| Content type term |
text |
| Source |
rdacontent. |
| 337 ## - MEDIA TYPE |
| Media type term |
unmediated |
| Source |
rdamedia. |
| 338 ## - CARRIER TYPE |
| Carrier type term |
volume |
| Source |
rdacarrier. |
| 490 1# - SERIES STATEMENT |
| Series statement |
Miss Peregrine's Peculiar Children ; |
| Volume/sequential designation |
Third novel. |
| 520 ## - SUMMARY, ETC. |
| Summary, etc. |
"A boy with extraordinary powers. An army of deadly monsters. An epic battle for the future of peculiardom. The adventure that began with Miss Peregrine's Home for Peculiar Children and continued in Hollow City comes to a thrilling conclusion with Library of Souls. As the story opens, sixteen-year-old Jacob discovers a powerful new ability, and soon he's diving through history to rescue his peculiar companions from a heavily guarded fortress. Accompanying Jacob on his journey are Emma Bloom, a girl with fire at her fingertips, and Addison MacHenry, a dog with a nose for sniffing out lost children. They'll travel from modern-day London to the labyrinthine alleys of Devil's Acre, the most wretched slum in all of Victorian England. It's a place where the fate of peculiar children everywhere will be decided once and for all. Like its predecessors, Library of Souls blends thrilling fantasy with never-before-published vintage photography to create a one-of-a-kind reading experience"-- |
| Assigning source |
Provided by publisher. |
| 650 #0 - SUBJECT ADDED ENTRY--TOPICAL TERM |
| Topical term or geographic name entry element |
Abnormalities, Human |
| Form subdivision |
Juvenile fiction. |
| 650 #0 - SUBJECT ADDED ENTRY--TOPICAL TERM |
| Topical term or geographic name entry element |
Rescues |
| Form subdivision |
Juvenile fiction. |
| 650 #0 - SUBJECT ADDED ENTRY--TOPICAL TERM |
| Topical term or geographic name entry element |
Time travel |
| Form subdivision |
Juvenile fiction. |
| 650 #0 - SUBJECT ADDED ENTRY--TOPICAL TERM |
| Topical term or geographic name entry element |
Fantasy. |
| 650 #1 - SUBJECT ADDED ENTRY--TOPICAL TERM |
| Topical term or geographic name entry element |
Supernatural |
| Form subdivision |
Fiction. |
| 650 #1 - SUBJECT ADDED ENTRY--TOPICAL TERM |
| Topical term or geographic name entry element |
Escapes |
| Form subdivision |
Fiction. |
| 650 #1 - SUBJECT ADDED ENTRY--TOPICAL TERM |
| Topical term or geographic name entry element |
Rescues |
| Form subdivision |
Fiction. |
| 651 #0 - SUBJECT ADDED ENTRY--GEOGRAPHIC NAME |
| Geographic name |
England |
| Form subdivision |
Juvenile fiction. |
| 655 #0 - INDEX TERM--GENRE/FORM |
| Genre/form data or focus term |
Young adult fiction. |
| 655 #7 - INDEX TERM--GENRE/FORM |
| Genre/form data or focus term |
Paranormal fiction. |
| Source of term |
lcgft. |
| 655 #7 - INDEX TERM--GENRE/FORM |
| Genre/form data or focus term |
Fiction. |
| Source of term |
fast |
| Authority record control number or standard number |
(OCoLC)fst01423787. |
| 655 #7 - INDEX TERM--GENRE/FORM |
| Genre/form data or focus term |
Juvenile works. |
| Source of term |
fast |
| Authority record control number or standard number |
(OCoLC)fst01411637. |
| 655 #7 - INDEX TERM--GENRE/FORM |
| Genre/form data or focus term |
Paranormal fiction. |
| Source of term |
fast |
| Authority record control number or standard number |
(OCoLC)fst01921727. |
| 655 #7 - INDEX TERM--GENRE/FORM |
| Genre/form data or focus term |
Young adult works. |
| Source of term |
fast |
| Authority record control number or standard number |
(OCoLC)fst01726790. |
| 800 1# - SERIES ADDED ENTRY--PERSONAL NAME |
| Personal name |
Riggs, Ransom. |
| Title of a work |
Novel of Miss Peregrine's Peculiar Children ; |
| Volume/sequential designation |
Third. |
| 942 ## - ADDED ENTRY ELEMENTS (KOHA) |
| Source of classification or shelving scheme |
|
| Koha item type |
Books - Fiction |